तरुण तर्क म्हातारे अर्क (Record no. 104971)

MARC details
000 -LEADER
fixed length control field 00659nam a2200181Ia 4500
008 - FIXED-LENGTH DATA ELEMENTS--GENERAL INFORMATION
fixed length control field 090124s9999 xx 000 0 und d
082 ## - DEWEY DECIMAL CLASSIFICATION NUMBER
Item number 38974
100 ## - MAIN ENTRY--PERSONAL NAME
Personal name तोरडमल मधुकर
245 ## - TITLE STATEMENT
Title तरुण तर्क म्हातारे अर्क
250 ## - EDITION STATEMENT
Edition statement 5
260 ## - PUBLICATION, DISTRIBUTION, ETC. (IMPRINT)
Name of publisher, distributor, etc मॅजेस्टिक प्रकाशन
Date of publication, distribution, etc 2002
300 ## - PHYSICAL DESCRIPTION
Extent 107
600 ## - SUBJECT ADDED ENTRY--PERSONAL NAME
Personal name तोरडमल मधुकर
630 ## - SUBJECT ADDED ENTRY--UNIFORM TITLE
Uniform title तरुण तर्क म्हातारे अर्क
700 ## - ADDED ENTRY--PERSONAL NAME
Personal name तोरडमल मधुकर
730 ## - ADDED ENTRY--UNIFORM TITLE
Uniform title तरुण तर्क म्हातारे अर्क
942 ## - ADDED ENTRY ELEMENTS (KOHA)
Koha item type Book
Holdings
Withdrawn status Lost status Damaged status Not for loan Home library Current library Date acquired Cost, normal purchase price Total Checkouts Full call number Barcode Date last seen Cost, replacement price Price effective from Koha item type
        Nagar Wachan Mandir, Thane Nagar Wachan Mandir, Thane   80.00   38974 THNNWM-38974 01/24/2009 80.00 01/24/2009 Book